000 02049nam0a2200361 4500
001 RU\NLR\bibl\1194098
005 20250615100118.0
010 _a978-5-93093-524-0
010 _a978-5-88998-647-3
_91000
021 _aRU
_b2007-94049
_95078
035 _a(NLR Aleph) 001180628
090 _a1655074
_c1655074
100 _a20080228d2007 |||y0rusy50 ca
101 0 _arus
102 _aRU
105 _aa |||||||||
200 1 _aАвтоматизация расчетов стержневых систем гидротехнического строительства
_eучебное пособие для студентов сельскохозяйственных высших учебных заведений по специальности 270104 "Гидротехническое строительство"
_fВ.А. Волосухин, А.З. Зарифьян, С.И. Евтушенко [и др.]
205 _aИзд. 2-е, испр.
210 _aМосква
_cИзд-во Ассоциации строительных вузов
_d2007
215 _a159, [1] с.
_cил.
_d24
320 _aБиблиогр.: с. 137 (20 назв.)
606 1 _aГидротехнические сооружения
_jУчебные издания для высших учебных заведений
_xСтроительная механика
_92442879
_3RU\NLR\auth\661453137
606 1 _aСтержневые системы
_jУчебные издания для высших учебных заведений
_xРасчет на компьютерах
_92222022
_3RU\NLR\auth\661334187
686 _aН77-02я73-1
701 1 _aВолосухин
_bВ. А.
_gВиктор Алексеевич
_4070
701 1 _aЗарифьян
_bА. З.
_gАлександр Захарович
_4070
701 1 _aЕвтушенко
_bС. И.
_gСергей Иванович
_4070
801 0 _aRU
_bNLR
_c20080228
_gRCR
801 1 _aRU
_bNLR
_c20080228
830 _aавт. по кн.
942 _cBOOK
980 _aNB